[Event "Zagreb Open 2010 Grupo B"]
[Site "Zagreb CRO"]
[Date "2010.03.01"]
[Round "6.20"]
[White "Draganic, Stjepan"]
[Black "Hibner, Branko"]
[Result "1-0"]
[WhiteElo "2162"]
[BlackElo "2052"]
[PlyCount "68"]
[EventDate "2010.02.25"]
[EventType "swiss"]
[EventRounds "9"]
[EventCountry "CRO"]
[Source "lmi"]
[SourceDate "2010.02.25"]

1. d4 d5 2. Bf4 Nf6 3. e3 Nbd7 4. Nf3 c6 5. c3 h6 6. h3 e6 7. Nbd2 Be7 8. Be2
a5 9. a4 Qb6 10. b3 O-O 11. O-O Re8 12. Qc2 Nf8 13. Ne5 N6d7 14. Rfb1 Nxe5 15.
Bxe5 Qd8 16. b4 f6 17. Bg3 Bd6 18. Bxd6 Qxd6 19. b5 e5 20. Qb3 e4 21. c4 f5 22.
f3 exf3 23. Bxf3 f4 24. e4 dxc4 25. Qxc4+ Be6 26. d5 cxd5 27. exd5 Rac8 28. Qd4
Bf5 29. Re1 Rxe1+ 30. Rxe1 Rc2 31. Nc4 Qb4 32. Rd1 Rxc4 33. Qe5 Bxh3 34. d6 Be6
1-0

[Event "Zagreb Open 2010 Grupo B"]
[Site "Zagreb CRO"]
[Date "2010.03.02"]
[Round "7.2"]
[White "Vujcic, Toni"]
[Black "Petrusic, Toni"]
[Result "1-0"]
[WhiteElo "2105"]
[BlackElo "2065"]
[PlyCount "101"]
[EventDate "2010.02.25"]
[EventType "swiss"]
[EventRounds "9"]
[EventCountry "CRO"]
[Source "lmi"]
[SourceDate "2010.02.25"]

1. Nf3 d5 2. c4 e6 3. d4 Nf6 4. g3 Be7 5. Bg2 O-O 6. O-O b6 7. Nc3 Bb7 8. Ne5
Nbd7 9. b3 c5 10. e3 Qc7 11. Nxd7 Qxd7 12. cxd5 exd5 13. dxc5 bxc5 14. Bb2 Rfd8
15. Rc1 Rac8 16. Na4 Ne4 17. Bxe4 dxe4 18. Qh5 Rc6 19. Rfd1 Qc8 20. Rxd8+ Bxd8
21. Rxc5 Rxc5 22. Qxc5 Qxc5 23. Nxc5 Bc6 24. Bd4 a5 25. Kf1 Be7 26. Ke2 Bxc5
27. Bxc5 f5 28. Kd2 a4 29. b4 Kf7 30. Kc3 Ke6 31. Kd4 a3 32. Bf8 Bd5 33. b5
Bxa2 34. Bxa3 Bd5 35. Kc5 g6 36. Bb2 h5 37. Kb6 Kd7 38. Bf6 Bb3 39. Kb7 Bd5+
40. Kb8 Kd6 41. Bd4 g5 42. b6 Bc6 43. b7 Kd5 44. Kc7 Bxb7 45. Kxb7 f4 46. gxf4
gxf4 47. Bf6 Ke6 48. Bg5 f3 49. Bh4 Kf5 50. Bg3 Kg4 51. h4 1-0

[Event "Zagreb Open 2010 Grupo B"]
[Site "Zagreb CRO"]
[Date "2010.03.02"]
[Round "7.3"]
[White "Kalajzic, Ivan"]
[Black "Lasic, Luka"]
[Result "0-1"]
[WhiteElo "2198"]
[BlackElo "2222"]
[PlyCount "118"]
[EventDate "2010.02.25"]
[EventType "swiss"]
[EventRounds "9"]
[EventCountry "CRO"]
[Source "lmi"]
[SourceDate "2010.02.25"]

1. b3 c5 2. Bb2 b6 3. Nf3 Bb7 4. d4 Nf6 5. dxc5 bxc5 6. Nbd2 e6 7. g3 Be7 8.
Bg2 Qc7 9. O-O d6 10. Re1 Nc6 11. c4 a5 12. Nb1 O-O 13. Nc3 Rfd8 14. Nb5 Qb6
15. Qc2 Nb4 16. Qc3 Bf8 17. a3 Nc6 18. Qc2 h6 19. Bxf6 gxf6 20. e4 Ne5 21. Rad1
Nxf3+ 22. Bxf3 f5 23. a4 Bg7 24. Qe2 fxe4 25. Bxe4 d5 26. cxd5 exd5 27. Bc2 d4
28. Qd3 Re8 29. Qh7+ Kf8 30. Be4 Rxe4 31. Rxe4 Bxe4 32. Qxe4 Re8 33. Qd5 Rd8
34. Qf5 Kg8 35. Rd3 Qc6 36. Na3 Re8 37. Rf3 Re1+ 38. Kg2 Re6 39. Qxf7+ Kh8 40.
Qf5 Re4 41. Nc4 d3 42. Nxa5 Qa8 43. Nc4 Bc3 44. Qf8+ Qxf8 45. Rxf8+ Kg7 46. Rd8
Bd4 47. Kf3 Re2 48. Ne3 Kf7 49. a5 Ra2 50. b4 Bxe3 51. fxe3 c4 52. Rc8 Rc2 53.
a6 d2 54. Ke2 c3 55. Rd8 Ra2 56. Rd3 Ra1 57. a7 c2 58. Rd7+ Ke6 59. a8=Q d1=Q+
0-1

[Event "Zagreb Open 2010 Grupo B"]
[Site "Zagreb CRO"]
[Date "2010.03.02"]
[Round "7.4"]
[White "Durovic, Goran"]
[Black "Strniscak, Tomislav"]
[Result "1-0"]
[WhiteElo "2276"]
[BlackElo "2202"]
[PlyCount "115"]
[EventDate "2010.02.25"]
[EventType "swiss"]
[EventRounds "9"]
[EventCountry "CRO"]
[Source "lmi"]
[SourceDate "2010.02.25"]

1. Nf3 c5 2. c4 Nc6 3. e3 e5 4. d3 Nf6 5. Nbd2 Be7 6. b3 d5 7. cxd5 Nxd5 8. Bb2
f6 9. a3 O-O 10. Rc1 Nc7 11. Qc2 Bf5 12. Ne4 Ne6 13. Be2 Bg6 14. g4 Bf7 15. h4
Rc8 16. Ng3 Qd5 17. g5 fxg5 18. hxg5 Nxg5 19. Nxg5 Bxg5 20. d4 g6 21. Bc4 Qf3
22. dxe5 Bxe3 23. e6 Bxf2+ 24. Qxf2 Qxf2+ 25. Kxf2 Bxe6+ 26. Kg2 Bxc4 27. Rxc4
Rcd8 28. Ne4 Nd4 29. Rxc5 Ne6 30. Rc2 Nf4+ 31. Kh2 Nd5 32. Rd1 Rde8 33. Nd6 Ne3
34. Nxe8 Rxe8 35. Re1 Ng4+ 36. Kg3 Rxe1 37. Kxg4 Re7 38. Kg5 Kf7 39. Rf2+ Kg8
40. Rf3 Rd7 41. a4 Rc7 42. Ba3 Rf7 43. Rf6 Kg7 44. Rxf7+ Kxf7 45. Bc5 a6 46. a5
Ke6 47. Bb6 h5 48. Bf2 Kf7 49. Be1 Kg7 50. Bh4 Kf7 51. Kh6 Ke6 52. Kxg6 Kd6 53.
Kxh5 Kc5 54. Be7+ Kb5 55. b4 b6 56. axb6 Kxb6 57. Bd8+ Kb5 58. Ba5 1-0

[Event "Zagreb Open 2010 Grupo B"]
[Site "Zagreb CRO"]
[Date "2010.03.02"]
[Round "7.6"]
[White "Havas, Janko"]
[Black "Mihalinec, Damir"]
[Result "1-0"]
[WhiteElo "2090"]
[BlackElo "2232"]
[PlyCount "120"]
[EventDate "2010.02.25"]
[EventType "swiss"]
[EventRounds "9"]
[EventCountry "CRO"]
[Source "lmi"]
[SourceDate "2010.02.25"]

1. d4 Nf6 2. Bg5 Ne4 3. Bh4 d5 4. Nd2 Nd6 5. e3 Nf5 6. Bg3 g6 7. Ngf3 Bg7 8.
Bd3 c5 9. c3 Qb6 10. Qb3 Nxg3 11. hxg3 Qxb3 12. axb3 cxd4 13. exd4 Nc6 14. O-O
O-O 15. Rfe1 Re8 16. b4 f6 17. b5 Nd8 18. c4 Be6 19. c5 Bf7 20. b6 Nc6 21. bxa7
Rxa7 22. Rxa7 Nxa7 23. Ra1 Nc6 24. Bb5 e5 25. Bxc6 bxc6 26. Ra6 Rc8 27. Nb3 e4
28. Ne1 Be8 29. Na5 Bh6 30. Nc2 Bc1 31. Rb6 Bd2 32. Nb3 Bg5 33. Nb4 f5 34. Na6
Bf6 35. Rb7 g5 36. Nc7 Bh5 37. Ne6 Re8 38. Nc7 Re7 39. Na5 e3 40. fxe3 Rxe3 41.
Nxc6 Bf7 42. Kf2 Re4 43. Nb5 Be8 44. Rb8 Kg7 45. Rb7+ Kg6 46. Rb6 Kh5 47. Nd6
Re6 48. Nxe8 Rxe8 49. b4 Ra8 50. Ne5 Ra2+ 51. Kf1 Ra1+ 52. Ke2 Ra2+ 53. Kd1
Bxe5 54. dxe5 Rxg2 55. c6 Rxg3 56. Rb5 Rc3 57. Rc5 Rb3 58. c7 Rxb4 59. c8=Q
Rd4+ 60. Kc2 Kg4 1-0

[Event "Zagreb Open 2010 Grupo B"]
[Site "Zagreb CRO"]
[Date "2010.03.02"]
[Round "7.7"]
[White "Mihalincic, Tomislav"]
[Black "Blazeka, Matej"]
[Result "0-1"]
[WhiteElo "2215"]
[BlackElo "2085"]
[PlyCount "96"]
[EventDate "2010.02.25"]
[EventType "swiss"]
[EventRounds "9"]
[EventCountry "CRO"]
[Source "lmi"]
[SourceDate "2010.02.25"]

1. e4 e5 2. Nf3 Nc6 3. Nc3 Nf6 4. g3 Bc5 5. Bg2 d6 6. d3 O-O 7. Na4 Bb6 8. O-O
Bg4 9. Nxb6 axb6 10. h3 Be6 11. b3 Nd7 12. Re1 f5 13. Ng5 Qf6 14. Qh5 h6 15.
Nxe6 Qxe6 16. exf5 Rxf5 17. Bd5 Qxd5 18. Qxf5 Nb4 19. Qe4 Qxe4 20. Rxe4 Nxc2
21. Rb1 Nc5 22. Rg4 h5 23. Rc4 Nd4 24. Kf1 d5 25. Rxc5 bxc5 26. a4 c4 27. dxc4
dxc4 28. bxc4 Rxa4 29. Be3 b6 30. Rc1 Kf7 31. f4 Nf5 32. Bf2 exf4 33. gxf4 Ke6
34. Kg2 c5 35. Rc3 Nd6 36. Re3+ Kf7 37. Rd3 Nxc4 38. Rd7+ Kg6 39. h4 Kf5 40.
Rxg7 Kxf4 41. Rf7+ Ke4 42. Re7+ Kf5 43. Rg7 Ra2 44. Rg5+ Kf4 45. Kg1 Ne3 46.
Bxe3+ Kxe3 47. Rxh5 c4 48. Rb5 c3 0-1

[Event "Zagreb Open 2010 Grupo B"]
[Site "Zagreb CRO"]
[Date "2010.03.02"]
[Round "7.8"]
[White "Raguz, Dario"]
[Black "Mravunac, Damir"]
[Result "1-0"]
[WhiteElo "2177"]
[BlackElo "2193"]
[PlyCount "113"]
[EventDate "2010.02.25"]
[EventType "swiss"]
[EventRounds "9"]
[EventCountry "CRO"]
[Source "lmi"]
[SourceDate "2010.02.25"]

1. e4 c5 2. Nf3 e6 3. d4 cxd4 4. Nxd4 a6 5. Bd3 Qc7 6. O-O Bc5 7. Nb3 Ba7 8.
Qg4 g6 9. Nc3 d6 10. Kh1 Nc6 11. f4 f5 12. Qe2 Nb4 13. Be3 Bxe3 14. Qxe3 Nxd3
15. Qxd3 Nf6 16. Rad1 fxe4 17. Nxe4 Nxe4 18. Qxe4 O-O 19. Nd4 Rf6 20. Nf3 Bd7
21. Qd4 Raf8 22. Qxd6 Qxd6 23. Rxd6 Bc6 24. Nd4 Rxf4 25. Rxf4 Rxf4 26. Rd8+ Kf7
27. Rf8+ Kxf8 28. Nxe6+ Ke7 29. Nxf4 Kd6 30. Kg1 Ke5 31. Nd3+ Kd4 32. Kf2 Be4
33. Ne1 b5 34. Ke2 h6 35. Kd2 b4 36. g3 a5 37. Nd3 g5 38. Nf2 Bf3 39. Nd1 h5
40. Ne3 Bc6 41. b3 Ke4 42. Ke2 Kd4 43. Nd1 Bb5+ 44. Kd2 h4 45. Nf2 hxg3 46.
hxg3 Bd7 47. g4 Be6 48. Nh3 Bxg4 49. Nxg5 Bd7 50. Nf3+ Ke4 51. Ne1 Kd4 52. Nd3
Bc6 53. Nc1 Bb5 54. Nd3 Bd7 55. Nf4 Bg4 56. Ng6 Bf5 57. Nf4 1-0

[Event "Zagreb Open 2010 Grupo B"]
[Site "Zagreb CRO"]
[Date "2010.03.02"]
[Round "7.9"]
[White "Dulic, Grgur"]
[Black "Ivekovic, Bozidar Jr"]
[Result "1-0"]
[WhiteElo "2192"]
[BlackElo "2042"]
[PlyCount "45"]
[EventDate "2010.02.25"]
[EventType "swiss"]
[EventRounds "9"]
[EventCountry "CRO"]
[Source "lmi"]
[SourceDate "2010.02.25"]

1. e4 c5 2. Nf3 d6 3. d4 cxd4 4. Nxd4 Nf6 5. Nc3 Nc6 6. Bc4 e6 7. Be3 Be7 8.
Qe2 a6 9. Bb3 Qc7 10. O-O-O Nxd4 11. Bxd4 b5 12. e5 Nd7 13. exd6 Bxd6 14. Bxg7
Rg8 15. Bxe6 Rxg7 16. Bd5+ Kf8 17. Bxa8 Nb6 18. Rhe1 Rg6 19. Nd5 Nxd5 20. Bxd5
Bf5 21. Kb1 Bb4 22. Qe8+ Kg7 23. Qe5+ 1-0

[Event "Zagreb Open 2010 Grupo B"]
[Site "Zagreb CRO"]
[Date "2010.03.02"]
[Round "7.10"]
[White "Kristovic, Marijan"]
[Black "Levar, Nenad"]
[Result "1-0"]
[WhiteElo "2294"]
[BlackElo "2135"]
[PlyCount "107"]
[EventDate "2010.02.25"]
[EventType "swiss"]
[EventRounds "9"]
[EventCountry "CRO"]
[Source "lmi"]
[SourceDate "2010.02.25"]

1. e4 c5 2. Nf3 Nc6 3. Nc3 d6 4. d4 cxd4 5. Nxd4 Nf6 6. Bc4 Qb6 7. Nxc6 bxc6 8.
O-O g6 9. a4 a5 10. Ra3 Bg7 11. Be3 Qc7 12. Rb3 Rb8 13. Rxb8 Qxb8 14. Bc1 O-O
15. h3 Qb6 16. b3 Nd7 17. Bd2 Ne5 18. Be2 Ba6 19. Qe1 Ra8 20. Bxa6 Rxa6 21. Kh1
Nd7 22. Ne2 Ra8 23. Be3 c5 24. Qd2 Nf6 25. f3 Qb4 26. Qd3 c4 27. Qd2 Qb7 28.
Rb1 d5 29. e5 Nd7 30. f4 e6 31. Nc3 cxb3 32. cxb3 Bf8 33. Nb5 Nc5 34. Bxc5 Bxc5
35. Rc1 Qb6 36. Qc2 Be3 37. Rf1 Qd8 38. Qd3 Bb6 39. Kh2 Rc8 40. Nd6 Rb8 41. Rc1
Bf2 42. Rc6 Be1 43. Qe3 Bb4 44. Qa7 Bxd6 45. exd6 Kg7 46. d7 Rxb3 47. Rc8 Qh4
48. Qd4+ Kh6 49. d8=Q Qg3+ 50. Kh1 Qe1+ 51. Qg1 Rxh3+ 52. gxh3 Qe4+ 53. Qg2
Qe1+ 54. Kh2 1-0

[Event "Zagreb Open 2010 Grupo B"]
[Site "Zagreb CRO"]
[Date "2010.03.03"]
[Round "8.1"]
[White "Lasic, Luka"]
[Black "Blagojevic, Marijan"]
[Result "1-0"]
[WhiteElo "2222"]
[BlackElo "2127"]
[PlyCount "151"]
[EventDate "2010.02.25"]
[EventType "swiss"]
[EventRounds "9"]
[EventCountry "CRO"]
[Source "lmi"]
[SourceDate "2010.02.25"]

1. d4 Nf6 2. c4 e6 3. Nf3 b6 4. g3 Bb7 5. Bg2 Be7 6. O-O O-O 7. Nc3 Ne4 8. Qc2
Nxc3 9. Qxc3 Be4 10. Rd1 d6 11. Be3 Nd7 12. b4 a5 13. b5 f5 14. Rac1 Bf6 15.
Qb3 Qe7 16. Qa3 Rac8 17. c5 Rfd8 18. cxd6 cxd6 19. Nd2 Bxg2 20. Kxg2 Nb8 21.
Nc4 Qb7+ 22. d5 Rxc4 23. Rxc4 exd5 24. Rcd4 Bxd4 25. Rxd4 Kf7 26. Bg5 Re8 27.
Qf3 g6 28. g4 Re5 29. h3 Kg8 30. Bf6 fxg4 31. Qxg4 Rf5 32. Rf4 Rxf4 33. Qxf4
Qf7 34. Qxd6 Nd7 35. Bd4 Qf5 36. f3 Kf7 37. h4 g5 38. hxg5 Qxg5+ 39. Kf1 Qf5
40. Bxb6 Qb1+ 41. Kf2 Qxb5 42. Bd4 Nf8 43. Bc5 Nd7 44. Qxd5+ Kg6 45. Qg8+ Kf6
46. Bd4+ Ke7 47. Qxh7+ Kd6 48. Qg6+ Kc7 49. Qc2+ Kd6 50. e4 Qh5 51. Ke2 Qb5+
52. Qd3 Qa4 53. Bb2+ Kc7 54. a3 Nc5 55. Be5+ Kc8 56. Qc3 Qb5+ 57. Ke3 Kd7 58.
f4 a4 59. Bd4 Nb3 60. Qd3 Qc6 61. Qc3 Qh6 62. e5 Qh3+ 63. Ke4 Qg2+ 64. Kf5 Qd5
65. Be3 Qf7+ 66. Ke4 Qg6+ 67. Kf3 Qh5+ 68. Kg3 Qg6+ 69. Kf2 Qe4 70. Ke2 Qg2+
71. Kd3 Qf1+ 72. Ke4 Qg2+ 73. Kd3 Qf1+ 74. Kc2 Qe2+ 75. Bd2 Nxd2 76. Qxd2+ 1-0

[Event "Zagreb Open 2010 Grupo B"]
[Site "Zagreb CRO"]
[Date "2010.03.03"]
[Round "8.2"]
[White "Livaja, Mario"]
[Black "Vujcic, Toni"]
[Result "1/2-1/2"]
[WhiteElo "2164"]
[BlackElo "2105"]
[PlyCount "74"]
[EventDate "2010.02.25"]
[EventType "swiss"]
[EventRounds "9"]
[EventCountry "CRO"]
[Source "lmi"]
[SourceDate "2010.02.25"]

1. d4 Nf6 2. c4 e6 3. Nf3 d5 4. Nc3 Be7 5. cxd5 exd5 6. Bg5 c6 7. Qc2 O-O 8. e3
Be6 9. Bd3 h6 10. Bh4 Nbd7 11. O-O Rc8 12. Rfd1 c5 13. Bf5 Qb6 14. Rab1 Bxf5
15. Qxf5 Qe6 16. Qc2 Rfd8 17. Qb3 c4 18. Qc2 Bb4 19. Ne2 g5 20. Bg3 b5 21. h4
Ne4 22. a3 Ba5 23. Nc3 Bxc3 24. bxc3 g4 25. Ne5 Nxg3 26. Nxd7 Rxd7 27. fxg3 a6
28. Re1 f5 29. Kh2 Re7 30. Rf1 Rf8 31. a4 bxa4 32. Qxa4 Qd6 33. Rfe1 Rfe8 34.
Rb7 Kf8 35. Rxe7 Rxe7 36. Qc2 Qe6 37. Qa4 Qd6 1/2-1/2

[Event "Zagreb Open 2010 Grupo B"]
[Site "Zagreb CRO"]
[Date "2010.03.03"]
[Round "8.3"]
[White "Petrusic, Toni"]
[Black "Durovic, Goran"]
[Result "1/2-1/2"]
[WhiteElo "2065"]
[BlackElo "2276"]
[PlyCount "84"]
[EventDate "2010.02.25"]
[EventType "swiss"]
[EventRounds "9"]
[EventCountry "CRO"]
[Source "lmi"]
[SourceDate "2010.02.25"]

1. e4 c5 2. Nf3 d6 3. d4 cxd4 4. Nxd4 Nf6 5. Nc3 a6 6. f3 e6 7. Be3 b5 8. Qd2
Nbd7 9. a4 b4 10. Na2 d5 11. Nxb4 dxe4 12. Be2 Bb7 13. O-O Qc7 14. Kh1 Bd6 15.
f4 O-O 16. c4 Nc5 17. Nbc2 e5 18. Nf5 Rad8 19. Nxd6 Rxd6 20. Qc3 Nfd7 21. Bxc5
Nxc5 22. fxe5 Rg6 23. Ne3 Re8 24. b4 Nd7 25. Rad1 Nxe5 26. Nd5 Bxd5 27. Rxd5
Ng4 28. Bxg4 Rxg4 29. Qd4 Rf4 30. Rd1 g6 31. Rd7 e3 32. Rxc7 Rxd4 33. Re1 Ree4
34. b5 axb5 35. cxb5 Rxa4 36. b6 Rab4 37. b7 Kg7 38. h3 Rb3 39. Rf1 e2 40.
Rcxf7+ Kg8 41. Rf8+ Kg7 42. R8f7+ Kg8 1/2-1/2

[Event "Zagreb Open 2010 Grupo B"]
[Site "Zagreb CRO"]
[Date "2010.03.03"]
[Round "8.4"]
[White "Dulic, Grgur"]
[Black "Havas, Janko"]
[Result "1/2-1/2"]
[WhiteElo "2192"]
[BlackElo "2090"]
[PlyCount "101"]
[EventDate "2010.02.25"]
[EventType "swiss"]
[EventRounds "9"]
[EventCountry "CRO"]
[Source "lmi"]
[SourceDate "2010.02.25"]

1. e4 c6 2. d4 d5 3. Nd2 dxe4 4. Nxe4 Nf6 5. Nxf6+ gxf6 6. c3 Bf5 7. Ne2 e6 8.
Ng3 Bg6 9. h4 h5 10. Be2 Qa5 11. a3 Bd6 12. b4 Qc7 13. Nxh5 Nd7 14. Be3 a5 15.
Kf1 axb4 16. cxb4 Ke7 17. g3 Bxh5 18. Bxh5 Nb6 19. Bf3 Nc4 20. Qd3 Nxe3+ 21.
Qxe3 Bxb4 22. Kg2 Bd6 23. d5 cxd5 24. Bxd5 Qc5 25. Qxc5 Bxc5 26. Bxb7 Rxa3 27.
Rxa3 Bxa3 28. g4 Bd6 29. Be4 Bf4 30. Kf3 Bg5 31. Kg3 Bd2 32. Rb1 Kf8 33. Rb7
Kg7 34. Rd7 Bc3 35. Rd3 Ba5 36. Rd7 Rd8 37. Ra7 Bd2 38. Rb7 e5 39. h5 Rf8 40.
Bd5 Bg5 41. Kf3 Bh4 42. Ke3 Bg5+ 43. Ke4 Bf4 44. Kf5 Bg5 45. f3 Bf4 46. Ke4 Bg5
47. Kd3 Bh6 48. Ke4 Bf4 49. Kf5 Bg5 50. Rb1 Rd8 51. Rb5 1/2-1/2

[Event "Zagreb Open 2010 Grupo B"]
[Site "Zagreb CRO"]
[Date "2010.03.03"]
[Round "8.6"]
[White "Mravunac, Damir"]
[Black "Kristovic, Marijan"]
[Result "0-1"]
[WhiteElo "2193"]
[BlackElo "2294"]
[PlyCount "114"]
[EventDate "2010.02.25"]
[EventType "swiss"]
[EventRounds "9"]
[EventCountry "CRO"]
[Source "lmi"]
[SourceDate "2010.02.25"]

1. e4 c5 2. Nf3 Nc6 3. d4 cxd4 4. Nxd4 Nf6 5. Nc3 d6 6. Bc4 e6 7. Nxc6 bxc6 8.
O-O Be7 9. Qe2 e5 10. Kh1 O-O 11. b3 Bg4 12. f3 Be6 13. Rd1 Qc8 14. a4 a5 15.
Ba3 Rd8 16. Rd2 h6 17. Rf1 Bxc4 18. bxc4 Qe6 19. Rfd1 Ne8 20. Qd3 g6 21. g3 Bg5
22. Rf2 Bf6 23. Kg2 Rab8 24. Ne2 Rb7 25. Qc3 Ra8 26. Nc1 c5 27. Nb3 h5 28. Nd2
Qd7 29. Nf1 Qxa4 30. Ne3 Qc6 31. h4 a4 32. Rfd2 Bd8 33. Qa1 Ba5 34. Rd5 Rab8
35. g4 Bd8 36. gxh5 Bxh4 37. hxg6 fxg6 38. Ng4 Rh7 39. Rh1 Rbb7 40. Bc1 Rh5 41.
Rd3 Rbh7 42. Ra3 Bg5 43. Rxh5 gxh5 44. Nf2 Bxc1 45. Qxc1 Rg7+ 46. Kh2 Qd7 47.
Qh6 Qf7 48. Rc3 Rg6 49. Qd2 Ng7 50. Nh3 Qe7 51. Qf2 Ne6 52. f4 exf4 53. Nxf4
Nxf4 54. Qxf4 Rg4 55. Qf5 Qxe4 56. Qd5+ Qxd5 57. cxd5 Rd4 0-1

[Event "Zagreb Open 2010 Grupo B"]
[Site "Zagreb CRO"]
[Date "2010.03.03"]
[Round "8.7"]
[White "Pecnik, Leo"]
[Black "Raguz, Dario"]
[Result "1-0"]
[WhiteElo "2261"]
[BlackElo "2177"]
[PlyCount "45"]
[EventDate "2010.02.25"]
[EventType "swiss"]
[EventRounds "9"]
[EventCountry "CRO"]
[Source "lmi"]
[SourceDate "2010.02.25"]

1. e4 c5 2. Nc3 g6 3. f4 Bg7 4. Nf3 Nc6 5. Bc4 e6 6. f5 Nge7 7. fxe6 dxe6 8.
O-O O-O 9. d3 Na5 10. Qe1 Nxc4 11. dxc4 Nc6 12. Bf4 Nd4 13. Rd1 Qb6 14. e5 Qxb2
15. Nxd4 cxd4 16. Ne4 Qxc2 17. Nf6+ Bxf6 18. exf6 Kh8 19. Rc1 Qxa2 20. Qh4 Bd7
21. Qh6 Rg8 22. Rf3 Bc6 23. Qxh7+ 1-0

[Event "Zagreb Open 2010 Grupo B"]
[Site "Zagreb CRO"]
[Date "2010.03.03"]
[Round "8.8"]
[White "Vrsek, Ivan"]
[Black "Jelecevic, Ivo"]
[Result "1-0"]
[WhiteElo "2217"]
[BlackElo "2180"]
[PlyCount "83"]
[EventDate "2010.02.25"]
[EventType "swiss"]
[EventRounds "9"]
[EventCountry "CRO"]
[Source "lmi"]
[SourceDate "2010.02.25"]

1. d4 d5 2. c4 c6 3. Nf3 Nf6 4. Nc3 e6 5. e3 Nbd7 6. Qc2 Bd6 7. g4 h6 8. Bd2
dxc4 9. Bxc4 b5 10. Be2 Bb7 11. e4 e5 12. O-O-O Qc7 13. Kb1 b4 14. dxe5 Nxe5
15. Na4 Nxf3 16. Bxf3 c5 17. Be3 O-O 18. g5 hxg5 19. Bxg5 Nh7 20. Be3 Rac8 21.
Bg4 f5 22. Bxf5 Rxf5 23. exf5 c4 24. Rhg1 Nf6 25. Bh6 Bf8 26. Ka1 Be4 27. Qd2
Qa5 28. Bxg7 Bxg7 29. Rxg7+ Kxg7 30. Qg5+ Kf7 31. Qg6+ Ke7 32. Qg7+ Ke8 33.
Qxf6 Qxf5 34. Qh8+ Kf7 35. Qd4 Bc2 36. Qxa7+ Kf8 37. Rg1 Qf6 38. Nc5 Bf5 39.
Nd7+ Bxd7 40. Qxd7 Rd8 41. Qh7 Qe6 42. Qh8+ 1-0

[Event "Zagreb Open 2010 Grupo B"]
[Site "Zagreb CRO"]
[Date "2010.03.03"]
[Round "8.9"]
[White "Strniscak, Tomislav"]
[Black "Kinez, Ivo"]
[Result "1-0"]
[WhiteElo "2202"]
[BlackElo "2138"]
[PlyCount "99"]
[EventDate "2010.02.25"]
[EventType "swiss"]
[EventRounds "9"]
[EventCountry "CRO"]
[Source "lmi"]
[SourceDate "2010.02.25"]

1. e4 c5 2. c3 Nf6 3. e5 Nd5 4. d4 cxd4 5. Nf3 e6 6. cxd4 d6 7. Bc4 Nb6 8. Bb3
Be7 9. Qe2 O-O 10. O-O Nc6 11. Nc3 d5 12. Bc2 f5 13. exf6 Bxf6 14. Qd3 g6 15.
a3 Bg7 16. Re1 Rxf3 17. Qxf3 Nxd4 18. Qd1 e5 19. Bd3 Be6 20. Be3 e4 21. Bf1 Nf5
22. Bf4 g5 23. Bg3 Qf6 24. Nb5 Nxg3 25. hxg3 Rf8 26. Qd2 a6 27. Nc3 g4 28. Rad1
h5 29. Qe3 d4 30. Qxe4 Bf5 31. Nd5 Nxd5 32. Qxd5+ Kh8 33. Rd2 b5 34. Qc5 Rd8
35. Bd3 Bxd3 36. Rxd3 Qg6 37. Rd2 Qh6 38. Rd3 Qg6 39. Qc2 Qf5 40. Rc1 Rf8 41.
Qe2 Kg8 42. Rc6 Kh8 43. Rxa6 Rc8 44. Re6 Rc1+ 45. Kh2 Kh7 46. Re7 Kg6 47. Rb7
Kh7 48. Qe7 Qg6 49. Rxd4 Rc2 50. Rdd7 1-0

[Event "Zagreb Open 2010 Grupo B"]
[Site "Zagreb CRO"]
[Date "2010.03.03"]
[Round "8.10"]
[White "Rozic, Marijan"]
[Black "Kalajzic, Ivan"]
[Result "1/2-1/2"]
[WhiteElo "2092"]
[BlackElo "2198"]
[PlyCount "95"]
[EventDate "2010.02.25"]
[EventType "swiss"]
[EventRounds "9"]
[EventCountry "CRO"]
[Source "lmi"]
[SourceDate "2010.02.25"]

1. d4 Nc6 2. Nf3 d6 3. c4 e5 4. Nc3 Bg4 5. d5 Nce7 6. e4 Nf6 7. Be2 Ng6 8. h3
Bxf3 9. Bxf3 Be7 10. g3 Nd7 11. Be3 Bg5 12. Qd2 Bxe3 13. Qxe3 O-O 14. O-O Ne7
15. Bg4 Nf6 16. Kg2 h6 17. b4 a5 18. a3 Nh7 19. f4 exf4 20. gxf4 Ng6 21. Kh2
axb4 22. axb4 Rxa1 23. Rxa1 Qf6 24. Bf5 Nxf4 25. Rg1 Qe5 26. Qg3 Ra8 27. Rf1 g5
28. Nb5 Ra2+ 29. Kh1 Ra1 30. Qg1 Rxf1 31. Qxf1 c6 32. dxc6 bxc6 33. Na7 Nf6 34.
Nxc6 Qc3 35. Ne7+ Kg7 36. Nd5 N6xd5 37. cxd5 Qxb4 38. Qa1+ Kf8 39. Qa8+ Kg7 40.
Qa1+ Kg8 41. Qa8+ Kg7 42. Qa1+ Kf8 43. Qa8+ Ke7 44. Qa7+ Kf6 45. Qa1+ Ke7 46.
Qa7+ Ke8 47. Qa8+ Ke7 48. Qa7+ 1/2-1/2

[Event "Zagreb Open 2010 Grupo B"]
[Site "Zagreb CRO"]
[Date "2010.03.03"]
[Round "8.11"]
[White "Stipiæ, Bruno"]
[Black "Petroviæ, Zvonko"]
[Result "1-0"]
[WhiteElo "2127"]
[BlackElo "2262"]
[PlyCount "177"]
[EventDate "2010.02.25"]
[EventType "swiss"]
[EventRounds "9"]
[EventCountry "CRO"]
[Source "lmi"]
[SourceDate "2010.02.25"]

1. d4 Nf6 2. c4 g6 3. Nc3 Bg7 4. e4 d6 5. h3 O-O 6. Nf3 e5 7. dxe5 dxe5 8. Qxd8
Rxd8 9. Bg5 c6 10. Rd1 Rxd1+ 11. Kxd1 Nbd7 12. Be3 Bf8 13. Kc2 Bb4 14. Nd2 Nc5
15. f3 Ne6 16. Nb3 b6 17. a3 Be7 18. Be2 Nh5 19. Bf2 Nhf4 20. Bf1 Ba6 21. g3
Nh5 22. h4 Rd8 23. Bd3 Nhg7 24. Ne2 f5 25. exf5 gxf5 26. Nc3 h5 27. Re1 Bf6 28.
Rg1 Kf7 29. g4 hxg4 30. fxg4 e4 31. Bf1 Bxc3 32. gxf5 Nxf5 33. Kxc3 e3 34. Be1
Nd6 35. Bd3 b5 36. Bg6+ Kf8 37. h5 bxc4 38. Na5 Nb5+ 39. Kc2 Nxa3+ 40. bxa3
Nd4+ 41. Kb2 Rb8+ 42. Ka2 Ne2 43. Rf1+ Kg8 44. Rf3 Nc1+ 45. Ka1 e2 46. h6 Nd3
47. Bxd3 cxd3 48. Nxc6 Rb3 49. Ne5 Rxa3+ 50. Kb2 Ra5 51. Nxd3 Rh5 52. Kc3 Bxd3
53. Kxd3 Rxh6 54. Kxe2 Rc6 55. Rf5 Kg7 56. Bf2 a6 57. Bd4+ Kg6 58. Ra5 Kf7 59.
Kd3 Ke6 60. Ke4 Kd7 61. Rh5 Re6+ 62. Kd5 Rd6+ 63. Kc4 Kc6 64. Rc5+ Kb7 65. Rg5
Rd7 66. Rg6 Rc7+ 67. Bc5 Rc6 68. Rg7+ Rc7 69. Rg2 Rh7 70. Rb2+ Kc7 71. Bd4 Rh5
72. Rb6 a5 73. Rg6 Rf5 74. Bc5 a4 75. Ra6 Rf4+ 76. Bd4 Kb7 77. Rxa4 Rg4 78.
Ra7+ Kc6 79. Ra6+ Kb7 80. Rh6 Kc7 81. Kd5 Kb7 82. Rh7+ Ka8 83. Be5 Ra4 84. Bd6
Ra7 85. Rh8+ Kb7 86. Rb8+ Ka6 87. Kc6 Rg7 88. Rb2 Ka5 89. Ra2# 1-0

[Event "Zagreb Open 2010 Grupo B"]
[Site "Zagreb CRO"]
[Date "2010.03.03"]
[Round "8.12"]
[White "Mihalinec, Damir"]
[Black "Baturina, Andrija"]
[Result "1-0"]
[WhiteElo "2232"]
[BlackElo "2101"]
[PlyCount "99"]
[EventDate "2010.02.25"]
[EventType "swiss"]
[EventRounds "9"]
[EventCountry "CRO"]
[Source "lmi"]
[SourceDate "2010.02.25"]

1. e4 c5 2. Nf3 e6 3. d4 cxd4 4. Nxd4 a6 5. Nc3 Qc7 6. Be2 Nf6 7. O-O Be7 8. a4
Nc6 9. Be3 d6 10. f4 O-O 11. Kh1 Bd7 12. Qe1 Nxd4 13. Bxd4 e5 14. fxe5 dxe5 15.
Qg3 Ne8 16. Bxe5 Qc6 17. Nd5 Bd8 18. Bc3 a5 19. b3 Qe6 20. Bd3 Bc6 21. Rae1 Qg6
22. Qh3 h6 23. Re3 Qe6 24. Qxe6 fxe6 25. Rxf8+ Kxf8 26. Nf4 Kf7 27. Bc4 Nc7 28.
Nh5 Bf6 29. Nxf6 gxf6 30. Kg1 Ne8 31. Bd3 Nd6 32. e5 fxe5 33. Rxe5 Bd5 34. Rh5
Ne4 35. Bd4 Rg8 36. Rxh6 Nd2 37. Rh7+ Kf8 38. Bc5+ Ke8 39. g3 Nf3+ 40. Kf2 Ne5
41. Bb5+ Kd8 42. Bd6 Ng4+ 43. Ke2 Be4 44. Rd7+ Kc8 45. h3 Nf6 46. Rf7 Nd5 47.
Bd7+ Kd8 48. Bxe6 Re8 49. Rd7+ Kc8 50. Rc7+ 1-0

[Event "Zagreb Open 2010 Grupo B"]
[Site "Zagreb CRO"]
[Date "2010.03.03"]
[Round "8.13"]
[White "Greb, Nikola"]
[Black "Mihalinèiæ, Tomislav"]
[Result "0-1"]
[WhiteElo "2053"]
[BlackElo "2215"]
[PlyCount "64"]
[EventDate "2010.02.25"]
[EventType "swiss"]
[EventRounds "9"]
[EventCountry "CRO"]
[Source "lmi"]
[SourceDate "2010.02.25"]

1. e4 e5 2. Nf3 Nc6 3. d4 exd4 4. Nxd4 Bc5 5. Nb3 Bb6 6. Nc3 Qf6 7. f4 Nge7 8.
Bd3 d6 9. Na4 Qg6 10. Qf3 f5 11. Nxb6 axb6 12. O-O O-O 13. Bd2 fxe4 14. Bxe4
Bf5 15. Rfe1 Ra4 16. Bxf5 Qxf5 17. Re2 Qxc2 18. Rae1 Rf7 19. Bc3 Qf5 20. g3 Qd5
21. Qg4 Qf5 22. Qf3 h6 23. a3 Qd5 24. Qg4 Qxb3 25. Rxe7 Nxe7 26. Rxe7 Rxe7 27.
Qc8+ Kh7 28. Qf5+ g6 29. Qf6 Qd1+ 30. Kg2 Re2+ 31. Kh3 Qf1+ 32. Kg4 Rxf4+ 0-1